LEADER 00418nab a2200133 i 4500 001 000000263888 003 CaOOAMICUS 005 20180831164651.0 008 180831n xx uu u0 0und r 013 $a5982 040 $aSeMil$bita 245 10$a[vedi periodico]. 773 0 $t2005 : Settembre-Dicembre.$dRoma : Pontificia Università della Santa Croce, 2005.$w()149189 996 $6245$a[vedi periodico]$9(OLS)http://semarc/title/309439 LEADER 00706nam a2200181 i 4500 001 000000221005 003 CaOOAMICUS 005 20130612000000.0 008 130612s1893 it u000 u ita u 013 $a199902 040 $aSeMil$bita 245 10$aRegolari: ordini e congregazioni religiose. 300 $aIV, 360 p. 773 0 $aSchiappoli, Domenico <1870-1945>$tDiritto ecclesiastico vigente in Francia.$dTorino : Fratelli Bocca, 1892-1893.$g2$w()12389 850 $aSeMil 852 $aSeMil$W1$xVenegono$y1$m2J III 18 FA$j171359$B171359$CSeMilBibl$Z2$F181832 $8I 961 $aRecupero: Giobbi Adolfo, prof. 996 $6245$aRegolari: ordini e congregazioni religiose$9(OLS)http://semarc/title/316819